000 01279cam a2200409 a 4500
001 6422
003 FISKH
005 20250429123230.0
008 051026s2006 nyuag a 000 0 eng
010 _a 2005030531
020 _a0439823234
020 _a9780439823234
020 _a9780439823234
020 _a9780545019828
040 _aDLC
_cDLC
_dVP@
_dDLC
_beng
050 _aPZ8.R855 L
082 _a782.42
100 1 _aRueda, Claudia.
245 1 0 _aLet's play in the forest while the wolf is not around /
_cby Claudia Rueda.
260 _aNew York :
_bScholastic,
_c2006.
300 _a32 unnumbered pages ;
_bcolor illustrations ;
_c23 cm
505 _aG
520 _aIn this adaptation of the traditional French and Latin American song, animals play in the forest while a scary wolf slowly dresses and becomes hungrier and hungrier.
521 8 _a420
_bLexile AD
521 8 _aG
_bRaz-Plus
650 0 _aChildren's songs, English
_vTexts.
650 0 _aFolk songs, English
_vTexts.
650 1 _aColombian songs.
650 1 _aWolves.
650 1 _aAnimals.
650 1 _aSong texts.
650 1 _aSinging games.
650 1 _aGames.
906 _a7
_bcbc
_corignew
_d1
_eecip
_f20
_gy-gencatlg
942 _2ddc
_cBK
_n0
999 _c6422
_d6422